<?xml version="1.0" encoding="UTF-8"?>
<record
    xmlns:xsi="http://www.w3.org/2001/XMLSchema-instance"
    xsi:schemaLocation="http://www.loc.gov/MARC21/slim http://www.loc.gov/standards/marcxml/schema/MARC21slim.xsd"
    xmlns="http://www.loc.gov/MARC21/slim">

  <leader>00522nam a2200145Ia 4500</leader>
  <controlfield tag="001">IA_13. Aprovechamiento de los insectos comestibles en el Altiplano Central Mexicano.</controlfield>
  <controlfield tag="002">AUTOGESTION PRODUCTIVA Y SUSTENTABILIDAD AGRARIA</controlfield>
  <controlfield tag="008">220117s    xx            000 0 und d</controlfield>
  <datafield tag="010" ind1=" " ind2=" ">
    <subfield code="a">186185</subfield>
  </datafield>
  <datafield tag="590" ind1=" " ind2=" ">
    <subfield code="a">S934.M6 A98 2015</subfield>
  </datafield>
  <datafield tag="650" ind1=" " ind2=" ">
    <subfield code="a">Agricultura sustentable</subfield>
    <subfield code="x">M&#xE9;xico  </subfield>
    <subfield code="9">143944</subfield>
  </datafield>
  <datafield tag="650" ind1=" " ind2=" ">
    <subfield code="a">Sustainable agriculture</subfield>
    <subfield code="x">Mexico</subfield>
    <subfield code="9">161431</subfield>
  </datafield>
  <datafield tag="700" ind1=" " ind2=" ">
    <subfield code="a">G&#xF3;mez Gonz&#xE1;lez, Gerardo, coaut.</subfield>
    <subfield code="9">161432</subfield>
  </datafield>
  <datafield tag="942" ind1=" " ind2=" ">
    <subfield code="c">631 A98 2015</subfield>
  </datafield>
  <datafield tag="999" ind1=" " ind2=" ">
    <subfield code="c">186185</subfield>
    <subfield code="d">186185</subfield>
  </datafield>
</record>
